000
00231nam a22001097a 4500
082
_a
523.1 UNI'S
100
_a
SCIENTIFIC GROUP
_9
59796
245
_a
THE UNIVERSE
260
_a
NEWYORK
_b
SIMON
_c
1957
300
_a
142P
942
_c
BK
999
_c
569686
_d
569686